[Event "Turkey IS Bank Super League 2017"]
[Site "Darica-Kocaeli"]
[Date "2017.07.31"]
[Round "7"]
[White "Paichadze, Luka"]
[Black "Korobov, Anton"]
[Result "1/2-1/2"]
[WhiteElo "2581"]
[BlackElo "2668"]
[Annotator "TA"]
[PlyCount "60"]
[EventType "team-tourn"]
[EventCountry "TUR"]
[SourceTitle "playchess.com"]
[Source "ChessBase"]
[SourceQuality "1"]

{[%evp 10,60,18,23,14,27,4,1,31,29,56,-25,-10,-12,-10,-47,-35,-56,-70,-51,-26,-41,-43,-32,-30,-52,-20,-14,-15,-25,-3,-10,-4,-18,-2,-8,0,0,0,0,0,0,0,0,0,0,0,0,0,0,0,0,0]} 1. e4 c5 2. Nf3 d6 3. d4 cxd4 4. Qxd4 Nf6 5. Nc3 a6 6. e5 Nc6 {B53: Sicilian: 2...d6: Lines with Qxd4} 7. Qa4 Ng4 8. exd6 Qxd6 9. Bf4 e5 10. Rd1 $146 ({White should try} 10. Bg3 $1 $14) ({Predecessor:} 10. Bg3 Bd7 11. Rd1 Nd4 12. Qxd4 exd4 13. Bxd6 Bxd6 14. Nxd4 {1-0 (44) Movsesian,S (2718)-Mikrut,D (2400) Warsaw 2009}) 10... Qb4 $11 11. Qxb4 Bxb4 12. Bd2 Bf5 $1 {Strongly threatening ...Bc5.} 13. Bd3 Bxd3 14. cxd3 f5 15. Nd5 Bxd2+ 16. Rxd2 Rd8 17. Ne3 Nxe3 (17... O-O {is more complex.} 18. O-O Nh6 19. Rc1 f4 20. Nd1 Nf5) 18. fxe3 Ke7 19. Ke2 Rd6 20. Rc1 {The position is equal.} Rhd8 21. Rc4 g6 (21... g5 $5) 22. a3 Kf6 23. g4 h5 24. gxf5 gxf5 25. Rh4 Kg6 26. Rd1 Kh6 27. Rg1 {[#] Hoping for Rg5.} Rg6 $1 (27... Rxd3 28. Rg5 $18) 28. Rxg6+ Kxg6 29. Rc4 Kf6 30. b4 Rg8 {Precision: White = 72%, Black = 58%.} 1/2-1/2

[Event "Turkey IS Bank Super League 2017"]
[Site "Darica-Kocaeli"]
[Date "2017.07.31"]
[Round "7"]
[White "Abasov, Nijat"]
[Black "Krasenkow, Michal"]
[Result "1/2-1/2"]
[WhiteElo "2577"]
[BlackElo "2630"]
[Annotator "TA"]
[PlyCount "120"]
[EventType "team-tourn"]
[EventCountry "TUR"]
[SourceTitle "playchess.com"]
[Source "ChessBase"]
[SourceQuality "1"]

{[%evp 27,120,19,19,19,19,4,0,6,22,0,26,22,29,21,36,-57,35,0,0,0,0,0,0,0,0,0,0,-18,-18,-20,-21,-75,-67,-67,-67,-67,-67,-67,-67,-67,-67,-67,-67,-67,-67,-67,-67,-67,-67,-67,-67,-67,-67,-67,-67,-67,-67,-67,-67,-67,-67,-67,-67,-67,-67,-67,-68,-68,-68,-68,-68,-68,0,0,0,0,0,0,0,0,0,0,0,0,0,0,0,0,0,0,0,0,0,0,0]} 1. e4 c5 2. Nf3 Nc6 3. d4 cxd4 4. Nxd4 Nf6 5. Nc3 e5 6. Ndb5 d6 7. Bg5 a6 8. Na3 b5 9. Bxf6 gxf6 10. Nd5 f5 11. g3 fxe4 12. Bg2 Be6 13. Bxe4 Bg7 14. Qh5 Rc8 {[%cal Ba8c8,Bc8c5,Bc5c3][%mdl 32]} 15. O-O {B33: Sicilian: Pelikan and Sveshnikov Variations} Ne7 16. Nxe7 Qxe7 17. Rad1 Rc5 (17... h6 18. c3 O-O 19. Nc2 f5 20. Bd5 Rc5 21. Ne3 Bxd5 22. Nxd5 Qe6 {½-½ (31) Motylev,A (2649)-Grachev,B (2649) Baku 2015}) 18. b4 Rc3 19. Nb1 $1 {[%cal Rb1c3,Ba3b1,Bb1d2,Bd2e4][%mdl 32]} Rc4 20. Nd2 $146 Rxb4 21. Bc6+ (21. a3 $14 Ra4 22. c4) 21... Bd7 ({Better is} 21... Kf8 $1 $15 22. c4 bxc4) 22. Ne4 O-O $1 (22... Bxc6 23. Nxd6+ Kf8 24. Nf5 $14) 23. Bxd7 Qxd7 24. Qf3 f5 $36 {[%mdl 2048] Black has the initiative.} 25. Nxd6 Qe6 26. Qa3 Rd4 27. Rxd4 ({But not} 27. Qxa6 Rd8 $17) 27... exd4 28. Qb3 Qxb3 29. axb3 $11 {[%mdl 4096] Endgame KRB-KRN} (29. cxb3 $11 Be5 30. Nb7) 29... Be5 $17 30. Nb7 Rc8 31. Re1 Bg7 $1 32. Re2 $1 Bf8 33. Rd2 $1 Rb8 34. Na5 Bb4 $1 {[%csl LRa5,LRd2]} 35. Nc6 Bxd2 36. Nxb8 $15 {KB-KN} a5 37. Nc6 a4 38. bxa4 bxa4 {[#] And now ...Bc3 would win.} 39. Nxd4 a3 {[%cal Ba4a3,Ba3a2][%mdl 32]} 40. c4 a2 {[%mdl 1024] Black has compensation.} 41. Nb3 Kf7 42. f4 h5 43. Kg2 Bb4 44. Kf3 Kg6 45. h3 Be1 46. Na1 h4 47. g4 $1 Bc3 48. Nb3 Kf6 49. Kg2 fxg4 (49... Bd4 $15 50. Kf3 Bb2) 50. hxg4 $11 {The position is equal.} Be1 (50... h3+ $5 51. Kxh3 a1=Q 52. g5+ (52. Nxa1 Bxa1 53. Kh4 Bb2 $11) 52... Kf5 53. Nxa1 Bxa1 $11) 51. Kh2 Bg3+ 52. Kh3 $1 Ke6 {aiming for ...Kf6.} 53. Nd4+ Kf7 54. Nc2 Ke6 (54... Bxf4 {is more complex.} 55. Kxh4 Be3 56. g5 Bc5 57. Kg4 Bd4) 55. c5 Bxf4 (55... Be1 $5 {[%cal Re6d5]} 56. g5 Bc3 $15) 56. Kxh4 Bd2 57. c6 Kd6 (57... Be1+ $5 58. Kh5 Bd2 $11) 58. g5 $1 Kxc6 (58... Be1+ $5 59. Kg4 Bc3 $11) 59. g6 {Strongly threatening g7.} Bc3 {[#]} 60. g7 $1 {[%mdl 512]} Bxg7 {Precision: White = 78%, Black = 75%.} 1/2-1/2

[Event "Turkey IS Bank Super League 2017"]
[Site "Darica-Kocaeli"]
[Date "2017.07.31"]
[Round "7"]
[White "Esen, Baris"]
[Black "Buyukasik, Diyap"]
[Result "1-0"]
[WhiteElo "2528"]
[BlackElo "2285"]
[Annotator "TA"]
[PlyCount "71"]
[EventType "team-tourn"]
[EventCountry "TUR"]
[SourceTitle "playchess.com"]
[Source "ChessBase"]
[SourceQuality "1"]

{[%evp 14,71,37,44,52,46,61,45,62,40,40,35,47,45,50,45,38,39,66,45,66,70,69,65,74,74,76,75,121,28,53,41,50,45,50,48,65,0,52,46,44,31,86,81,754,747,1044,963,1144,1136,1131,1110,1107,1096,1093,1093,1304,1247,1471,1413]} 1. d4 Nf6 2. c4 e6 3. Nf3 Bb4+ 4. Bd2 Qe7 5. g3 O-O 6. Bg2 Nc6 7. O-O Bxd2 8. Qxd2 d5 {E11: Bogo-Indian} 9. Qc3 Bd7 $146 ({Predecessor:} 9... Rd8 10. Rd1 dxc4 11. Na3 Qb4 12. Qxb4 Nxb4 13. Nxc4 Bd7 14. Nfe5 Rab8 15. a3 Nbd5 16. Rac1 {1-0 (60) Kuzubov,Y (2661)-Javakhishvili,L (2486) Doha 2014}) 10. Nbd2 Ne4 {White is slightly better.} 11. Qd3 f5 12. e3 Rad8 13. a3 a5 14. Qb3 a4 15. Qc2 (15. Qxb7 Rb8 $11) 15... g5 16. Rfd1 h5 17. cxd5 exd5 18. Qxa4 h4 19. Qb3 {Black must now prevent gxh4.} hxg3 20. hxg3 Be6 21. Qc2 (21. Qxb7 $16 Rd6 22. Rac1) 21... Rf7 22. b4 {[%cal Bb2b4,Bb4b5][%mdl 32]} Rh7 23. b5 Na5 24. Ne5 $36 {[%mdl 2048] White has some pressure.} Qf6 25. Nf1 ({Wrong is} 25. Bxe4 $2 fxe4 26. Rac1 Qh8 $19) (25. a4 $14) 25... f4 ({Black should try} 25... Rf8 $11) 26. exf4 ({Not} 26. Bxe4 $2 dxe4 27. gxf4 (27. Qxe4 $2 Bd5 $19) 27... gxf4 $19) 26... gxf4 27. Rd3 {[#] Rf3 is the strong threat.} ({But not} 27. Bxe4 $2 dxe4 28. gxf4 (28. Qxe4 $2 Bd5 $19) 28... Nb3 $19) 27... fxg3 (27... Qh6 $14) 28. Nxg3 $16 Qh4 $2 {[%mdl 8192]} (28... Ng5 $16) 29. Nxe4 $18 {Hoping for Rg3+.White is clearly winning.} Qh2+ 30. Kf1 {And now Rg3+ would win.} dxe4 31. Rg3+ Qxg3 32. fxg3 Rxd4 33. Qc3 Nb3 34. Re1 Bd5 35. Kg1 Re7 36. Ng4 {Precision: White = 62%, Black = 32%.} 1-0

[Event "Turkey IS Bank Super League 2017"]
[Site "Darica-Kocaeli"]
[Date "2017.07.31"]
[Round "7"]
[White "Vorontsov, Pavlo"]
[Black "Yazici, Ugur Doga"]
[Result "1-0"]
[WhiteElo "2510"]
[BlackElo "2144"]
[Annotator "TA"]
[PlyCount "85"]
[EventType "team-tourn"]
[EventCountry "TUR"]
[SourceTitle "playchess.com"]
[Source "ChessBase"]
[SourceQuality "1"]

{[%evp 12,85,28,9,27,13,26,18,11,20,62,62,61,58,60,60,43,40,47,68,114,112,111,105,106,104,106,88,139,127,129,139,235,237,220,159,192,177,212,189,199,135,131,123,127,123,125,124,145,118,156,122,116,120,164,160,169,164,226,226,226,231,230,222,468,461,452,461,458,424,772,776,761,743,704,695]} 1. Nf3 Nf6 2. c4 c5 3. Nc3 Nc6 4. d4 cxd4 5. Nxd4 Qb6 6. Nb3 e6 7. e4 Bb4 {A31: Symmetrical English: 2 Nf3 Nf6 3 d4} 8. Bd3 d6 (8... O-O {feels hotter.} 9. O-O Bxc3 10. c5 Qc7 11. bxc3 d5) 9. O-O Bxc3 {The position is equal.} 10. bxc3 Qc7 $146 ({Predecessor:} 10... O-O 11. Rb1 Qc7 12. Nd4 g6 13. Ba3 Rd8 14. Nxc6 bxc6 15. f4 {1-0 (28) Azmaiparashvili,Z (2610)-Dokhoian,Y (2540) Lvov 1990}) 11. Ba3 {Hoping for Bc2.} O-O $1 {[#]} 12. e5 $1 {[%mdl 512]} dxe5 (12... Nxe5 13. Bxd6) 13. Bxf8 (13. Bd6 $5 Qd8 14. Bxf8 Kxf8 15. Re1 $16) 13... Kxf8 14. Qe2 $36 {[%mdl 2048] Black is under pressure.} Nd7 15. c5 b6 16. cxb6 ({Reject} 16. Bxh7 $6 g6 $11) 16... axb6 17. Bb5 ({Much weaker is} 17. Bxh7 $6 g6 $15) 17... Bb7 18. Rfd1 Nf6 19. c4 e4 ({Black should try} 19... Ne7) 20. Qd2 Rd8 21. Qe3 Nb4 (21... Rc8 $16) 22. Rxd8+ $18 Qxd8 23. Qd4 Qxd4 24. Nxd4 Ke7 25. a4 Kd6 26. Nb3 (26. a5 $18) 26... Nd3 $16 27. a5 bxa5 28. Nxa5 Kc7 29. h3 Nc5 30. Ra3 Kb6 31. Nb3 Nd3 32. Ra5 e3 33. fxe3 Ne4 34. Ra1 Nc3 (34... Ne5 {was called for.} 35. Kh2 h6) 35. Be8 $18 f6 36. Bd7 e5 37. Bf5 Nc5 $2 {[#]} (37... Be4) 38. Nxc5 {White is clearly winning.} Kxc5 39. Ra7 Kb6 40. Ra3 Ne2+ (40... Be4 $142 41. Bxh7 Bxh7) 41. Kf2 g6 42. Bc2 Nc1 43. Ra1 {Precision: White = 91%, Black = 34%.} 1-0

[Event "Turkey IS Bank Super League 2017"]
[Site "Darica-Kocaeli"]
[Date "2017.07.31"]
[Round "7"]
[White "Sadikhov, Ulvi"]
[Black "Markus, Robert"]
[Result "1/2-1/2"]
[WhiteElo "2494"]
[BlackElo "2672"]
[Annotator "TA"]
[PlyCount "89"]
[EventType "team-tourn"]
[EventCountry "TUR"]
[SourceTitle "playchess.com"]
[Source "ChessBase"]
[SourceQuality "1"]

{[%evp 14,89,29,32,33,16,26,14,20,20,33,18,49,29,22,0,0,0,18,13,19,0,0,0,0,0,19,19,5,0,0,0,0,0,0,0,0,-16,-6,-7,0,-78,-73,-104,-104,-96,-95,-151,-135,-198,-189,-189,-199,-217,-200,-189,-144,-136,-137,-143,-128,-152,-108,-95,-102,-97,-3,-72,0,0,0,0,0,0,0,0,0,0]} 1. e4 d6 2. d4 Nf6 3. Nc3 e5 4. Nf3 Nbd7 {[%cal Bb8d7,Bd7e5,Be5g6][%mdl 32]} 5. Bc4 Be7 6. a4 O-O 7. O-O c6 8. Re1 exd4 {C41: Philidor Defence} 9. Qxd4 Ne5 10. Be2 Qc7 11. h3 Re8 $146 ({Predecessor:} 11... Nfd7 12. Be3 Bf6 13. Qd2 Nxf3+ 14. Bxf3 a5 15. Rad1 Be5 16. b3 {½-½ (25) Solodovnichenko,Y (2615)-Paunovic,D (2503) Pamplona 2011}) 12. Be3 h6 13. Qd2 Bf8 14. Nd4 Ng6 15. Bd3 Bd7 16. f4 Rad8 17. Nf3 c5 18. f5 Ne5 19. Nxe5 dxe5 20. Qe2 Bc6 21. Bb5 a6 22. Bxc6 Qxc6 23. Bf2 c4 24. Bh4 Bb4 25. Bxf6 Qxf6 26. Qxc4 Qb6+ 27. Kf1 (27. Kh2 $11) 27... Qd4 $1 $17 {[%cal Rd4c4]} (27... Rd2 $6 28. Re2 $11) 28. Qe2 {aiming for Red1.} Bxc3 (28... Bc5 $6 29. Qf3 $11) 29. bxc3 Qxc3 30. Red1 (30. Qe3 $142 Qxc2 31. Rec1) 30... Rd4 31. Rxd4 (31. Kg1 $17) 31... Qxa1+ {[%mdl 4096] Endgame KQR-KQR} ({Resist} 31... exd4 32. Rd1 $17) 32. Rd1 Qxa4 33. f6 g6 ({But not} 33... gxf6 34. Rd6) 34. Rd6 Qb4 35. Qd3 a5 36. c3 Qc5 37. Qd2 Kh7 38. Rd7 Qc4+ 39. Kg1 b5 ({Better is} 39... Qe6 $1 $17 40. Qd5 Kg8 41. Rxb7 Qxf6 42. Qxa5 Rd8) 40. Qd6 {[#]} (40. Kh2 $11) 40... b4 ({Black should play} 40... Qe6 $1 $17 {[%cal Re6d6] ...Qxd6 is the strong threat.} 41. Qc7 Rf8) 41. Rc7 $11 {The position is equal.} Qe6 ({Not} 41... Qxe4 $2 42. Rxf7+ Kg8 43. Rg7+ Kh8 {[#]} 44. Rh7+ $1 {[%mdl 512]} Kg8 45. f7+ Kxh7 46. fxe8=Q $18) 42. Qxe6 Rxe6 43. cxb4 axb4 {And now ...Rb6 would win.} 44. Rxf7+ Kg8 45. Rb7 {Precision: White = 53%, Black = 72%.} 1/2-1/2

[Event "Turkey IS Bank Super League 2017"]
[Site "Darica-Kocaeli"]
[Date "2017.07.31"]
[Round "7"]
[White "Firat, Burak"]
[Black "Salgado Lopez, Ivan"]
[Result "1/2-1/2"]
[WhiteElo "2480"]
[BlackElo "2622"]
[Annotator "TA"]
[PlyCount "124"]
[EventType "team-tourn"]
[EventCountry "TUR"]
[SourceTitle "playchess.com"]
[Source "ChessBase"]
[SourceQuality "1"]

{[%evp 14,124,26,33,23,31,73,69,66,65,75,75,77,55,89,77,64,50,55,30,68,67,65,69,89,117,104,105,108,113,108,104,119,105,104,105,110,118,116,123,212,210,193,0,127,0,186,134,126,93,108,91,129,0,179,179,423,413,440,437,455,447,463,436,468,465,446,447,425,445,538,556,662,653,620,473,491,460,417,433,416,425,432,427,369,387,461,452,428,173,154,61,88,36,101,82,106,0,0,0,0,0,0,0,0,0,0,0,0,0,0,0,0]} 1. d4 d6 2. Nf3 Nd7 3. c4 g6 4. Nc3 Bg7 5. g3 e5 6. Bg2 Ne7 7. O-O O-O 8. dxe5 dxe5 {A41: 1 d4 d6: Tartakower System and Modern Defence} (8... Nxe5 9. Nxe5 dxe5 10. Be3 c6 11. Bc5 Qc7 12. Qa4 Re8 13. Rfd1 Be6 14. Bd6 Qc8 15. Rd2 Nf5 16. Ne4 {1-0 (39) Cori Tello,J (2611)-Cruz,C (2557) Florianopolis 2017}) 9. Qc2 Nc5 10. Rd1 Qe8 {White is slightly better.} 11. b4 Ne6 12. Bb2 $1 Nf5 13. e3 f6 14. c5 $146 Nh6 15. c6 bxc6 16. Na4 Rb8 17. a3 Nf7 18. Nd2 Neg5 19. Bxc6 Bd7 20. Bxd7 Qxd7 21. h4 $1 {[%cal Rh4g5]} Ne6 ({Don't blunder} 21... Nh3+ $2 22. Kg2 $18) 22. Ne4 Qc8 23. Nac5 Nxc5 24. Nxc5 Nd6 25. Rac1 Kh8 26. Qa4 {Strongly threatening Nd7.} Rd8 (26... Rf7 $16 27. Qa5 Re7) 27. Na6 $1 $18 Rb7 28. Nc5 ({White should try} 28. Qc6 $1 $18 Bf8 29. Nxc7) 28... Rb8 $16 29. Na6 (29. Rd2 $16) 29... Rb7 $18 30. Qc2 ({Better is} 30. Qc6 $18 {Black must now prevent Rxd6!} Rb6 31. Qxc7 Qxc7 32. Nxc7) 30... Bf8 $16 31. Nxc7 Qg4 {aiming for ...Rc8.} 32. Nd5 $36 {[%mdl 2048] White has strong initiative.} Bg7 33. Nc7 (33. Rd2 $16) 33... Rd7 $2 {[#]} (33... Bf8 $1 $11 {and Black has nothing to worry.} 34. Na6 Rc8) 34. Na6 $1 $18 {[%cal Bc7a6,Ba6c5,Bc5e6][%mdl 32]} h5 $2 (34... Bf8) 35. Nc5 Rbc7 36. Rd2 Rd8 37. Qd1 Bf8 38. Qxg4 hxg4 39. Rcd1 Rc6 40. Ne6 Re8 41. Nxf8 Nc4 42. Nxg6+ Kh7 43. Nxe5 fxe5 44. Rd7+ Kg6 45. Ba1 a6 46. Rd8 Rxd8 47. Rxd8 {[%mdl 4096] Endgame KRB-KRN} Kf5 48. Rd5 Re6 49. Kg2 Ke4 50. Rd8 Rc6 {If Black can now play ...Nxe3+ this consolidates a bit.} 51. Rd1 (51. Rg8 $142) 51... Nxa3 52. h5 (52. Bb2 $16 Nc2 53. Rb1) 52... Nc4 {[#]} 53. Rb1 (53. Re1 $1 $16) 53... Kf5 (53... Kd3 $1 $14) 54. Rb3 Rh6 55. b5 ({White should play} 55. Rc3 $16 Nd2 56. Rc8) 55... Rb6 $11 {The position is equal.} 56. h6 {Threatens to win with h7.} Kg6 57. Rd3 axb5 58. Rd5 Kxh6 59. Bxe5 Nxe5 60. Rxe5 b4 61. Rd5 b3 {...b2 is the strong threat.} 62. Rd1 b2 {Precision: White = 68%, Black = 58%.} 1/2-1/2

[Event "Turkey IS Bank Super League 2017"]
[Site "Darica-Kocaeli"]
[Date "2017.07.31"]
[Round "7"]
[White "Batsiashvili, Nino"]
[Black "Isgandarova, Khayala"]
[Result "1-0"]
[WhiteElo "2475"]
[BlackElo "2257"]
[Annotator "TA"]
[PlyCount "133"]
[EventType "team-tourn"]
[EventCountry "TUR"]
[SourceTitle "playchess.com"]
[Source "ChessBase"]
[SourceQuality "1"]

{[%evp 14,133,47,41,60,16,27,26,35,34,43,43,47,57,45,55,51,50,48,44,83,91,93,92,106,89,124,80,73,47,114,116,85,72,83,81,187,198,232,218,272,308,301,268,295,272,331,288,258,279,245,108,245,60,60,19,32,32,19,30,104,79,86,9,19,14,8,0,0,0,0,0,0,-8,0,0,0,0,0,8,0,0,0,0,8,8,85,85,118,118,1050,338,927,927,793,400,29966,12465,29972,29973,29972,29973,29971,29971,29975,29974,29977,29978,29979,29980,29978,29979,29984,29983,29983,29981,29981,29982,29986,29987,29987,29987]} 1. d4 Nf6 2. c4 g6 3. Nc3 Bg7 4. e4 d6 5. f3 O-O 6. Be3 a6 7. Bd3 Nc6 8. Nge2 Nd7 {E81: King's Indian: Sämisch: 6th move deviations (including 6 Be3 c6)} (8... b6 9. Qd2 e6 10. h4 h5 11. Bh6 Kh7 12. Bg5 Qe8 13. g4 e5 14. Bxf6 Bxf6 15. Nd5 Qd8 16. gxh5 gxh5 17. O-O-O Bg7 18. Rdg1 f6 19. Rxg7+ Kxg7 20. Rg1+ Kh7 21. Nef4 exf4 22. e5+ f5 23. Qg2 {1-0 (23) Czerwonski,A (2377)-Moranda,W (2570) Wroclaw 2013}) 9. Bc2 Na5 10. b3 c5 $146 {White has an edge.} ({Predecessor:} 10... c6 11. c5 b5 12. cxb6 Nxb6 13. O-O Nb7 14. Rc1 c5 15. Qd2 a5 {0-1 (40) Raisa,U (2270)-Manninen,M (2420) Helsinki 1992}) 11. O-O Rb8 12. a4 cxd4 13. Bxd4 Nc6 14. Bxg7 Kxg7 15. f4 Nf6 16. h3 e6 17. Qd2 Qb6+ 18. Kh1 Qc5 19. Rad1 Rd8 20. Rf3 b6 21. Rd3 {Black must now prevent e5.} (21. f5 $5 {[%cal Rf5g6]} Ne5 22. Rff1 $16) 21... Nb4 ({Black should play} 21... Bb7 $1 $14) 22. e5 $1 $16 {[%cal Re5f6]} Ne8 23. Ne4 Qa5 24. Rd4 $36 {[%cal Re4d6][%mdl 2048] Black is under strong pressure.} ({Don't play} 24. Nxd6 Nxd3 25. Qxa5 bxa5 $15) 24... Nxc2 (24... Bb7 $16 {keeps fighting.}) 25. Qxc2 $18 b5 26. axb5 (26. Nxd6 $6 Nxd6 27. exd6 (27. Rxd6 Rxd6 28. exd6 bxc4 $16) 27... bxa4) 26... d5 27. b4 ({But not} 27. cxd5 $6 exd5 28. N4c3 (28. Rxd5 Rxd5 29. Rxd5 Bf5 $16) 28... Nc7 $16) 27... Qc7 28. Nc5 axb5 29. cxd5 exd5 30. Rxd5 Rxd5 31. Rxd5 Qc6 32. Qe4 (32. Rd3 $18 {and White stays clearly on top.}) 32... Bf5 (32... Bb7 $16 33. Nc3 Nc7) 33. Qf3 $2 {[#]} ({White has to play} 33. Qd4 $18) 33... Nc7 $14 34. Rd3 Qxf3 35. Rxf3 Nd5 36. g4 Bc2 (36... Bc8 $1 $11 {remains equal.}) 37. Nd4 $16 Nxb4 38. Rf2 (38. f5 $16) 38... Bd3 39. Rb2 Rc8 40. Rxb4 (40. Nce6+ {keeps more tension.} fxe6 41. Rxb4 Rc4 42. Nxe6+ Kg8 43. Rxc4 bxc4 44. Nd4) 40... Rxc5 $11 {[%mdl 4096] Endgame KRB-KRN} 41. Kg2 Rc4 42. Rxc4 Bxc4 {KB-KN} 43. Kf2 h6 44. h4 Kf8 45. Ke3 Ke7 46. f5 Kd7 47. Kd2 (47. e6+ $5 fxe6 48. fxg6 $11) 47... b4 48. Nc2 b3 49. Ne3 b2 (49... Be2 $11) 50. Kc2 $16 Bd3+ 51. Kxb2 gxf5 $2 {[%mdl 8192] [#]} (51... Be2 $16 52. Kc3 g5 53. hxg5 hxg5) 52. Kc3 $2 (52. gxf5 Be4 53. Kc3) 52... Bb1 $2 (52... Be2 53. gxf5 Bf3) 53. gxf5 $18 h5 54. Kd4 Ba2 (54... Ke7 $18 55. Kc4 Ba2+ 56. Kd4 Bb1) 55. Ke4 Ke7 56. Nd5+ {White mates.} Kf8 57. Nf6 Kg7 58. Nxh5+ Kh6 59. Ng3 Bb1+ 60. Kd5 Ba2+ 61. Kd6 Kg7 62. Ke7 Bb3 63. e6 Kg8 64. Kf6 fxe6 65. fxe6 {[%cal Bf5e6,Be6e7][%mdl 32]} Kf8 66. e7+ Ke8 67. Nf5 {Precision: White = 59%, Black = 33%.} 1-0

[Event "Turkey IS Bank Super League 2017"]
[Site "Darica-Kocaeli"]
[Date "2017.07.31"]
[Round "7"]
[White "Yilmazyerli, Mert"]
[Black "Heberla, Bartlomiej"]
[Result "1/2-1/2"]
[WhiteElo "2459"]
[BlackElo "2577"]
[Annotator "TA"]
[PlyCount "96"]
[EventType "team-tourn"]
[EventCountry "TUR"]
[SourceTitle "playchess.com"]
[Source "ChessBase"]
[SourceQuality "1"]

{[%evp 35,96,14,11,6,2,0,5,7,0,-11,5,0,2,2,2,-7,0,0,0,0,0,0,0,0,14,18,4,10,12,0,0,-42,0,-7,-7,-27,0,0,0,-50,-50,-50,-50,-50,-50,-50,-50,-50,-50,-50,-50,-50,-50,-50,-50,-50,-50,-50,0,-50,0,-50,0]} 1. e4 c5 2. Nf3 Nc6 3. d4 cxd4 4. Nxd4 g6 5. c4 Bg7 6. Be3 Nf6 7. Nc3 O-O 8. Be2 Nxd4 9. Bxd4 d6 10. O-O Bd7 11. Qd2 Bc6 12. f3 Nd7 13. Be3 a5 14. b3 Nc5 15. Rab1 e6 16. Rfd1 {B38: Sicilian: Maroczy Bind with 5...Bg7 and 7...0-0} Be5 17. Bd4 (17. Bf2 Qf6 18. Rbc1 Rfd8 19. Bf1 b6 20. Be3 Rd7 21. Bg5 Qg7 22. Bh6 Qf6 23. Bg5 Qg7 {1-0 (61) Danin,A (2543)-Edouard,R (2640) Minsk 2017}) 17... Qe7 18. Bxe5 dxe5 {LiveBook: 3 Games} 19. Qd6 Qxd6 20. Rxd6 Rfd8 21. Rxd8+ $146 ({Predecessor:} 21. Rbd1 Rxd6 22. Rxd6 Kf8 23. Kf2 Ke7 {½-½ (47) Urban,K (2443)-Wieczorek,O (2407) Poronin 2014}) 21... Rxd8 22. Rd1 Ra8 23. Kf2 Kf8 24. Ke3 Ke7 25. Rb1 (25. Bd3 $5) 25... h5 26. Bd1 f5 27. Bc2 Rd8 28. Rd1 f4+ 29. Ke2 Rd4 30. Ke1 g5 31. Ne2 Rxd1+ 32. Kxd1 $11 {[%mdl 4096] Endgame KBN-KBN} b5 33. Kd2 Kd6 34. Nc1 b4 35. Ke2 Nd7 (35... h4 {is more complex.} 36. Kf2 Nd7 37. Ke2 Kc5 38. Nd3+ Kd4) 36. Nd3 Nc5 37. Nxc5 Kxc5 {KB-KB} 38. Kd3 Bb7 39. Bd1 Ba6 40. Bc2 a4 41. Bd1 a3 42. Bc2 Bc8 43. Bd1 Bd7 44. Be2 Bc6 45. Bd1 Bb7 46. Be2 Bc8 47. Bd1 $1 Ba6 48. Bc2 $1 Bc8 {Precision: White = 67%, Black = 49%.} 1/2-1/2

[Event "Turkey IS Bank Super League 2017"]
[Site "Darica-Kocaeli"]
[Date "2017.07.31"]
[Round "7"]
[White "Asadli, Vugar"]
[Black "Kesgin, Halit Kaan"]
[Result "1-0"]
[WhiteElo "2457"]
[BlackElo "2207"]
[Annotator "TA"]
[PlyCount "87"]
[EventType "team-tourn"]
[EventCountry "TUR"]
[SourceTitle "playchess.com"]
[Source "ChessBase"]
[SourceQuality "1"]

{[%evp 13,87,26,22,28,20,17,20,21,34,15,27,-5,29,7,20,-8,8,6,0,-14,0,7,8,-16,16,-69,-23,-37,-24,-33,9,-25,0,-18,29,25,48,46,41,44,47,42,41,45,38,36,67,63,45,48,131,104,165,178,264,280,436,206,561,225,198,192,262,240,500,501,479,477,537,551,639,632,965,958,1091,1067]} 1. e4 e6 2. Nc3 d5 3. d4 Bb4 4. Nge2 dxe4 5. a3 Be7 6. Nxe4 Nf6 7. Nxf6+ Bxf6 8. Be3 {C15: French: 3 Nc3 Bb4: Unusual White 4th moves} O-O 9. Qd2 Nd7 {[%cal Bb8d7,Bd7b6,Bb6d5,Bd5e3][%mdl 32]} (9... b6 10. O-O-O Bb7 11. h4 Nd7 12. Nf4 Be7 13. h5 Nf6 14. f3 Qc8 15. Qf2 Rd8 {0-1 (33) Jobava,B (2703)-Ivanchuk,V (2757) Leuven 2017}) 10. O-O-O {The position is equal.} Nb6 11. Ng3 $146 ({Find the theoretical novelty and annotate with similar games:} 11. Nc3 Bd7 12. Bd3 Bc6 13. f3 Nd5 14. Nxd5 Bxd5 15. Kb1 b5 16. Bxb5 {1-0 (43) Paehtz,E (2482)-Socko,M (2445) Beijing 2012}) 11... Nd5 12. Ne4 Nxe3 (12... Be7 $5 {[%cal Rf7f5]}) 13. fxe3 Be7 14. Be2 (14. h4 $5) 14... Bd7 15. Bf3 Bc6 16. Nc3 Bxf3 17. gxf3 c6 18. Kb1 (18. h4 $5) 18... b5 {[%cal Bb7b5,Bb5b4][%mdl 32]} 19. Ne2 ({Better is} 19. h4 $11) 19... a5 (19... b4 $5 20. axb4 a5 $11) 20. Rhg1 b4 21. a4 Qd7 22. e4 Kh8 23. Nf4 {[%cal Be2f4,Bf4d3,Bd3b2,Bb2c4][%mdl 32]} c5 24. d5 {Threatens to win with Qg2.} e5 25. Nd3 f6 $1 {With the idea ...c4.} 26. b3 $40 {[%mdl 128] White is up to no good.} c4 27. Qg2 $1 {[%csl Gg1][%cal Rg2g7]} Bd6 28. Nb2 cxb3 29. cxb3 Bc5 30. Rgf1 Bd4 31. Nc4 Ra6 ({Black should play} 31... Rac8 $14) 32. f4 $16 {Strongly threatening fxe5.} Rc8 (32... Re8 $16) 33. Qe2 $18 {Hoping for Nxe5.} Ra7 (33... Qh3 $142 34. Rf3 Qh6) 34. fxe5 fxe5 {[#]} (34... Bxe5 $142 35. Nb6 Qd8 36. Nxc8 Qxc8) 35. Qf3 (35. Rxd4 $142 $1 {[%mdl 512]} exd4 36. Nb6) 35... h6 $2 {[#]} (35... Qe7 {is tougher.} 36. Qg4 Rca8) 36. Qf5 (36. Rxd4 $142 $1 {[%mdl 512]} exd4 37. Nb6) 36... Qxf5 37. Rxf5 ({But not} 37. exf5 $6 Rd7 $14) 37... Ra6 (37... Kg8 {was necessary.} 38. Rf3 (38. Nxe5 Bxe5 39. Rxe5 Rc3 $16) 38... Raa8) 38. d6 Rd8 $2 (38... Kg8 {is a better defense.} 39. Nxe5 (39. d7 Rd8 $18) 39... Bxe5) 39. Rxd4 {White is clearly winning.} exd4 40. e5 Kh7 41. Kc2 Kg6 42. Rf1 Rd7 {If Black can now play ...Rf7 this consolidates a bit.} 43. Re1 d3+ 44. Kd2 {Precision: White = 61%, Black = 29%.} 1-0